Người con trai nên biết về vấn đề nam nữ
Đã lưu trong:
| Tác giả chính: | |
|---|---|
| Định dạng: | Sách |
| Năm xuất bản: |
TP. Hồ Chí Minh
Nxb Trẻ
1992
|
| Chủ đề: | |
| Tags: |
Thêm thẻ
Không có thẻ, Hãy là người đầu tiên gắn thẻ bản ghi này!
|
| LEADER | 00570nam a2200157 4500 | ||
|---|---|---|---|
| 082 | |a 613.9071 |b TR561NG | ||
| 100 | |a Trương Ngọc Hơn | ||
| 245 | |a Người con trai nên biết về vấn đề nam nữ |c Trương Ngọc Hơn | ||
| 260 | |a TP. Hồ Chí Minh |c 1992 |b Nxb Trẻ | ||
| 300 | |a 124tr |c 21cm. | ||
| 520 | |a | ||
| 653 | |a Y học | ||
| 653 | |a Giáo dục giới tính | ||
| 942 | |2 ddc |c SH | ||
| 999 | |c 10192 |d 10192 | ||
| 952 | |0 0 |1 0 |2 ddc |4 0 |6 613_907100000000000_TR561NG |7 0 |8 600 |9 79258 |a qbu |b qbu |c D3 |d 2015-07-20 |g 12000 |o 613.9071 Tr561NG |p 10251.c1 |r 0000-00-00 |w 2015-07-20 |y SH | ||